[Event "Rowy Seniors op 7th"]
[Site "Rowy"]
[Date "2003.09.08"]
[Round "9"]
[White "Zasztowt, Janusz"]
[Black "Kinasz, Eugeniusz"]
[Result "1-0"]
[WhiteElo "2000"]
[BlackElo "1800"]
[PlyCount "61"]
[EventDate "2003.08.??"]
[EventType "swiss"]
[EventRounds "9"]
[EventCountry "POL"]
[SourceTitle "EXT 2006"]
[Source "ChessBase"]
[SourceDate "2005.11.24"]
[SourceVersion "1"]
[SourceVersionDate "2005.11.24"]
[SourceQuality "1"]

1. e4 e5 2. Nf3 Nc6 3. Bc4 h6 4. d4 exd4 5. Nxd4 Ne5 6. Bb3 c5 7. Nf3 Qf6 8. Nxe5 Qxe5 9. 0-0 Nf6 10. f4 Qd4+ 11. Qxd4 cxd4 12. e5 Ng4 13. h3 Ne3 14. Bxe3 dxe3 15. Bc4 b5 16. Be2 b4 17. a3 Bb7 18. axb4 Bxb4 19. c3 Bc5 20. b4 Bb6 21. Na3 Rc8 22. Nb5 0-0 23. Rfc1 a5 24. bxa5 Bc5 25. a6 Ba8 26. Kf1 Bd5 27. Rd1 Bc6 28. Nd6 Rb8 29. Ra2 Rb3 30. c4 f6 31. Bf3 1-0

[Event "Rowy Seniors op 7th"]
[Site "Rowy"]
[Date "2003.09.01"]
[Round "2"]
[White "Jackowski, Ryszard"]
[Black "Kinasz, Eugeniusz"]
[Result "0-1"]
[WhiteElo "2000"]
[BlackElo "1800"]
[PlyCount "41"]
[EventDate "2003.08.??"]
[EventType "swiss"]
[EventRounds "9"]
[EventCountry "POL"]
[SourceTitle "EXT 2006"]
[Source "ChessBase"]
[SourceDate "2005.11.24"]
[SourceVersion "1"]
[SourceVersionDate "2005.11.24"]
[SourceQuality "1"]

1. e4 e5 2. Nf3 Nc6 3. Bb5 a6 4. Ba4 Bc5 5. c3 Qe7 6. 0-0 b5 7. Bc2 h6 8. d4 Bb6 9. a4 b4 10. d5 Na5 11. b3 Bc5 12. Bb2 d6 13. Nbd2 Bg4 14. h3 Bh5 15. Qe1 Nf6 16. Nh2 0-0 17. Ndf3 Rab8 18. c4 Bb6 19. Rb1 Rfe8 20. Bc1 c6 21. Be3 0-1

[Event "Rowy Seniors op 7th"]
[Site "Rowy"]
[Date "2003.08.31"]
[Round "1"]
[White "Kinasz, Eugeniusz"]
[Black "Rybak, Jozef"]
[Result "0-1"]
[WhiteElo "1800"]
[BlackElo "2028"]
[PlyCount "40"]
[EventDate "2003.08.??"]
[EventType "swiss"]
[EventRounds "9"]
[EventCountry "POL"]
[SourceTitle "EXT 2006"]
[Source "ChessBase"]
[SourceDate "2005.11.24"]
[SourceVersion "1"]
[SourceVersionDate "2005.11.24"]
[SourceQuality "1"]

1. Nc3 Nf6 2. Nf3 c5 3. e4 Nc6 4. Bc4 e6 5. 0-0 Nxe4 6. Nxe4 d5 7. Bxd5 exd5 8. Nc3 d4 9. Re1+ Be7 10. Ne4 0-0 11. d3 Bg4 12. h3 Bh5 13. Bf4 Qd5 14. Ned2 Rae8 15. a3 Bf6 16. Ne4 Re6 17. Bg3 Bd8 18. Ned2 Rfe8 19. Rxe6 Rxe6 20. Qf1 Ba5 0-1